Numerical Simulation Mixed Convection of Nanofluid Flow Over a Solid Sphere in a Porous Medium / (Record no. 33602)
[ view plain ]
| 000 -LEADER | |
|---|---|
| fixed length control field | 00745nam a22001817a 4500 |
| 003 - CONTROL NUMBER IDENTIFIER | |
| control field | JO-AjAnu |
| 005 - DATE AND TIME OF LATEST TRANSACTION | |
| control field | 20240709104139.0 |
| 008 - FIXED-LENGTH DATA ELEMENTS--GENERAL INFORMATION | |
| fixed length control field | 240708b jo ||||| |||| 00| 0 ara d |
| 040 ## - CATALOGING SOURCE | |
| Original cataloging agency | JO-AjAnu |
| Language of cataloging | eng |
| Transcribing agency | JO-AjAnu |
| 041 ## - LANGUAGE CODE | |
| Language code of original | eng |
| 100 ## - MAIN ENTRY--PERSONAL NAME | |
| Personal name | Alhazaimeh, Mostafa Abdlkarem |
| Relator term | prepared |
| 9 (RLIN) | 66103 |
| 245 #0 - TITLE STATEMENT | |
| Title | Numerical Simulation Mixed Convection of Nanofluid Flow Over a Solid Sphere in a Porous Medium / |
| Statement of responsibility, etc. | prepared Mostafa Abdlkarem Alhazaimeh - Supervisor Hamzeh Taha Alkasasbeh |
| 260 ## - PUBLICATION, DISTRIBUTION, ETC. | |
| Date of publication, distribution, etc. | 2024 |
| 300 ## - PHYSICAL DESCRIPTION | |
| Extent | 76 paper |
| 500 ## - GENERAL NOTE | |
| General note | University thesis (Master’s thesis in mathematics), Ajloun National University (Ajloun, Jordan), College of Science, 2024<br/> |
| 700 ## - ADDED ENTRY--PERSONAL NAME | |
| Personal name | Alkasasbeh, Hamzeh Taha |
| Relator term | Supervisor |
| 9 (RLIN) | 66037 |
| 942 ## - ADDED ENTRY ELEMENTS (KOHA) | |
| Source of classification or shelving scheme | Library of Congress Classification |
| Koha item type | Thesis |
| Suppress in OPAC | No |
| Withdrawn status | Lost status | Source of classification or shelving scheme | Damaged status | Not for loan | Home library | Current library | Date acquired | Total Checkouts | Full call number | Barcode | Date last seen | Price effective from | Koha item type |
|---|---|---|---|---|---|---|---|---|---|---|---|---|---|
| Library of Congress Classification | مكتبة جامعة عجلون الوطنية | مكتبة جامعة عجلون الوطنية | 08/07/2024 | QA37.2.2024 | E3807 | 08/07/2024 | 08/07/2024 | Thesis | |||||
| Library of Congress Classification | مكتبة جامعة عجلون الوطنية | مكتبة جامعة عجلون الوطنية | 08/07/2024 | QA37.2.2024 | E3808 | 08/07/2024 | 08/07/2024 | Thesis |